College Quizbowl Stats
College Quizbowl Stats
Circuits
Seasons
Sets
Records
Detailed Stats
About
Loading...
2024 ACF Regionals @ Vanderbilt
Tossups
Bonuses
Players
Teams
Categories (Tossup)
Categories (Bonus)
Martin Alfaya
Kentucky A
Categories
Category
Powers
Gets
Negs
BBs
Points
Earliest Buzz
Avg. Buzz
First Buzzes
Top 3 Buzzes
Other
0
2
0
1
20
73
96.50
1
1
History - Other History
0
1
0
0
10
138
138.00
0
0
Literature - British Literature
0
1
0
0
10
100
100.00
0
1
Science - Other Science
0
1
1
0
5
86
86.00
0
1
Fine Arts - Classical Music
0
0
0
0
0
0.00
0
0
Buzzes
Category
Answer
Value
Buzz Position
Other
libraries
10
73
Science - Other Science
pesticides
10
86
Literature - British Literature
Rossetti
10
100
Science - Other Science
parallelism
-5
108
Other
Sìchuān
10
120
Science - Other Science
metallicity
0
124
History - Other History
1940s
10
138
Fine Arts - Classical Music
A German Requiem
0
139
Previous
1
Next